| 000 | 00000nam##2200000za#4500 |
| 001 | 9.661311 |
| 003 | CaOODSP |
| 005 | 20210615120054 |
| 007 | ta |
| 008 | 150407|2000||||xxc||||| f|0| 0 eng|d |
| 020 | |a0-662-65280-0 |
| 040 | |aCaOODSP|beng |
| 041 | |aeng |
| 041 | |afre |
| 043 | |an-cn--- |
| 086 | 1 |aSW21-44/2000 |
| 110 | 1 |aCanada. |bStatus of Women Canada. |
| 245 | 10|aGender on the line : |btechnology, restructuring and the reorganization of work in the call centre industry / |cby Ruth Buchanan, Sarah Koch-Schulte. |
| 260 | |aOttawa - Ontario : |bStatus of Women Canada |c2000. |
| 300 | |aEnglish text, vii, 96p. : |btables ; |c28 cm. |
| 500 | |a"This project, a case study of the emerging call centre industry in Canada, examines the impacts of restructuring on those in the lower tiers of the labour market."--Abstract. N.B.: Incorrect catalogue number (SW21-44/2000E) and ISBN (0-662-28158-6) printed on this publication. |
| 504 | |aBibliography. |
| 520 | 3 |aThis project, a case study of the emerging call centre industry in Canada, examines the impacts of restructuring on those in the lower tiers of the labour market.--Abstract |
| 546 | |aBilingual |
| 563 | |aSoftcover |
| 590 | |a00-39|b2000-09-29 |
| 720 | 1 |aBuchanan, Ruth |
| 720 | 1 |aKoch-Schulte, Sarah |
| 776 | 0#|tLes femmes et le travail par téléphone : |w(CaOODSP)9.632896 |
| 776 | 0#|tGender on the line : |w(CaOODSP)9.688471 |
| 792 | |tLes femmes et le travail par téléphone : |efre|w(CaOODSP)9.661312 |